00369nam a22001097a 4500082001500000100005000015245007400065260002600139300000900165490004600174650003900220 a543.08 SEP aSeperation Processes in Chemistry and Biology aResidential Workshop on Seperation Processes in Chemistry and Biology acolombobICHEMCc1980 a[ ] aResidential Workshop :september 4,5 ,1980 achemistry,biochemistry,seperations